000
00285nam a22001337a 4500
008
170704b xxu||||| |||| 00| 0 eng d
020
_a
9781557866134
041
_a
eng
080
_a
82
100
_a
22
101
_a
GJL
245
_a
PLANNING THEORY
_c
CAMPBELL, S
942
_2
udc
_c
BK
999
_c
19884
_d
19884